Web-wasters exposed (Record no. 70445)

MARC details
000 -LEADER
fixed length control field 00949cam a2200217 4500
001 - CONTROL NUMBER
control field ABS65528
008 - FIXED-LENGTH DATA ELEMENTS--GENERAL INFORMATION
fixed length control field 020610n2002 000 0 eng u
035 ## - SYSTEM CONTROL NUMBER
System control number (Sirsi) u118349
100 ## - MAIN ENTRY--PERSONAL NAME
Personal name Tinworth, A
245 ## - TITLE STATEMENT
Title Web-wasters exposed
260 ## - PUBLICATION, DISTRIBUTION, ETC.
Date of publication, distribution, etc. 2002
490 ## - SERIES STATEMENT
Series statement Estates Gazette
Volume/sequential designation (0218) 4 May 2002, 138-139(2)
520 ## - SUMMARY, ETC.
Summary, etc. Examines claims by a survey by Ptisan Web Intelligence, part of RETRI, a consultancy firm, that shows that many surveyors' websites are poorly designed and maintained and are damaging the firm in the eyes of potential clients. The study highlights the failings of many sites, from a wide range of categories - global firms, national firms, regional firms and local firms. Includes list of top 35 websites by user satisfaction. Tables.
590 ## - LOCAL NOTE (RLIN)
Local note ABS
650 ## - SUBJECT ADDED ENTRY--TOPICAL TERM
Topical term or geographic name entry element WEBSITES
650 ## - SUBJECT ADDED ENTRY--TOPICAL TERM
Topical term or geographic name entry element SURVEYORS
650 ## - SUBJECT ADDED ENTRY--TOPICAL TERM
Topical term or geographic name entry element SURVEYS
650 ## - SUBJECT ADDED ENTRY--TOPICAL TERM
Topical term or geographic name entry element WEB DESIGN
690 ## - LOCAL SUBJECT ADDED ENTRY--TOPICAL TERM (OCLC, RLIN)
Topical term or geographic name as entry element INFORMATION TECHNOLOGY-INTERNET
942 ## - ADDED ENTRY ELEMENTS (KOHA)
Suppress in OPAC 0
Holdings
Withdrawn status Lost status Source of classification or shelving scheme Damaged status Not for loan Home library Current library Shelving location Date acquired Total Checkouts Full call number Barcode Date last seen Copy number Price effective from Koha item type
    Dewey Decimal Classification     London London Journal article 10/06/2002   ABS65528 118349-1001 06/08/2019 1 06/08/2019 Journal article